000 00824nam a2200241 a 4500
001 000006565
005 20200929153943.0
008 090901s2001 dr 000 0 spa d
020 _a9993481785
040 _aDO-SdBNP
_bspa
_cBNPHU
082 _a332.74
_bH557m
100 1 _aHernández, Joaquín,
_d1954-
_918228
245 1 0 _aManual de crédito para directivos y analistas /
_cJoaquín Hernández, Annerys Rodríguez.
260 _aSanto Domingo :
_bCooperativa San José,
_c2001.
300 _a76 p. ;
_c22 cm.
504 _aBibliografía: p. 71-72.
590 _aInventariado, 2018/MFF
650 4 _aEstados financieros
_918229
650 4 _aAdministración de créditos
_918230
650 4 _aAnálisis financiero
_918231
700 1 _aRodríguez, Annerys,
_d1973-
_918232
910 _aValidado. Control de calidad EMS
999 _c6356
_d6356